书目信息 |
| 题名: |
土地信息学
|
|
| 作者: | 刘耀林 , 何建华 著 | |
| 分册: | ||
| 出版信息: | 北京 科学出版社 2007 |
|
| 页数: | 10,501页 | |
| 开本: | 26cm | |
| 丛书名: | 土地科学丛书 | |
| 单 册: | ||
| 中图分类: | F301.2 | |
| 科图分类: | ||
| 主题词: | 土地资源--管理信息系统 , 土地资源 , 管理信息系统 | |
| 电子资源: | ||
| ISBN: | 978-7-03-019968-3 | |
| 000 | 01016oam2 2200301 450 | |
| 001 | 003626140 | |
| 005 | 20091202085505.51 | |
| 010 | @a978-7-03-019968-3@dCNY65.00 | |
| 100 | @a20070104d2007 em y0chiy0110 ea | |
| 101 | 0 | @achi |
| 102 | @aCN@b110000 | |
| 105 | @aa z 000yy | |
| 106 | @ar | |
| 200 | 1 | @a土地信息学@9tu di xin xi xue@f刘耀林,何建华著 |
| 210 | @a北京@c科学出版社@d2007 | |
| 215 | @a10,501页@c图@d26cm | |
| 225 | 2 | @a土地科学丛书 |
| 300 | @a中国土地学会土地科学专项基金资助 | |
| 330 | @a本书介绍了土地信息学基本概念、土地信息分类和获取的基本方法和手段,探讨了土地数据组织与管理方式和方法及土地信息处理与分析方法,提出了土地评价模型、土地供需预测模型和土地利用规划模型等。 | |
| 461 | 0 | @12001 @a土地科学丛书 |
| 606 | 0 | @a土地资源@x管理信息系统 |
| 606 | 0 | @a土地资源 |
| 606 | 0 | @a管理信息系统 |
| 690 | @aF301.2@v4 | |
| 701 | 0 | @a刘耀林@9liu yao lin@f(1960.9~)@4著 |
| 701 | 0 | @a何建华@9he jian hua@f(1974~)@4著 |
| 801 | 0 | @aCN@bNLC@c20091202 |
| 905 | @b794355-59@dF301.2@e32@f5 | |
| 土地信息学/刘耀林,何建华著.-北京:科学出版社,2007 |
| 10,501页:图;26cm.-(土地科学丛书) |
| 中国土地学会土地科学专项基金资助 |
| ISBN 978-7-03-019968-3:CNY65.00 |
| 本书介绍了土地信息学基本概念、土地信息分类和获取的基本方法和手段,探讨了土地数据组织与管理方式和方法及土地信息处理与分析方法,提出了土地评价模型、土地供需预测模型和土地利用规划模型等。 |
| ● |
| 相关链接 |
|
|
|
|
正题名:土地信息学
索取号:F301.2/32
 
预约/预借
| 序号 | 登录号 | 条形码 | 馆藏地/架位号 | 状态 | 备注 |
| 1 | 794355 | 207943555 | 第一样本阅览室/ [索取号:F301.2/32] | 在馆 | |
| 2 | 794356 | 207943564 | 第一借阅区/ [索取号:F301.2/32] | 在馆 | |
| 3 | 794357 | 207943573 | 第一借阅区/ [索取号:F301.2/32] | 在馆 | |
| 4 | 794358 | 207943582 | 第一借阅区/ [索取号:F301.2/32] | 在馆 | |
| 5 | 794359 | 207943591 | 密集书库-资源管理系/ [索取号:F301.2/32] | 在馆 |